000 00834nam a2200217 a 4500
001 BRCA_2103
005 20190320203653.0
008 110808s1991----mx-#---###---#000-0#spa-#
050 4 _aF1391.P8
_b.L43 45
_c1991
100 1 _aLanda Abrego, María Elena
_9357
245 1 0 _aJuan Gerson
_btlacuilo
_cMaría Elena Landa Abrego.
260 _aPuebla, México
_bGobierno del Estado de Puebla : Secretaría de Cultura : Comisión Puebla V Centenario
_c1991
300 _a14 p.
_c21 cm.
440 0 _aLecturas Históricas de Puebla
_n45
_96378
504 _aBibliografía: p. 11-14
600 1 4 _aGerson, Juan
_d1561-1592
_xCrítica e interpretación
_96379
610 2 4 _aIglesia de Tecamachalco
_zPuebla (México)
_96380
651 4 _aPuebla (México)
_xHistoria
_9409
651 4 _aPuebla (México)
_xLecturas históricas
_96338
942 _2lcc
_cB
999 _c1860
_d1860